书目信息 |
| 题名: |
三国志
|
|
| 作者: | 陈寿 | |
| 分册: | ||
| 出版信息: | 北京 中华书局 2016.07 |
|
| 页数: | 867页 | |
| 开本: | 20cm | |
| 丛书名: | ||
| 单 册: | ||
| 中图分类: | K236.042 | |
| 科图分类: | ||
| 主题词: | 中国--古代史--封建社会 | |
| 电子资源: | ||
| ISBN: | 7-101-05297-5 | |
| 000 | 00576nam0 2200205 450 | |
| 001 | 2378 | |
| 005 | 20161205105749.28 | |
| 010 | @a7-101-05297-5@dCNY45.00 | |
| 100 | @a20150808d2016 km y0chiy0120 ea | |
| 101 | 0 | @achi |
| 102 | @aCN@b110000 | |
| 200 | 1 | @a三国志@Asan guo zhi@f陈寿@Fchen shou |
| 210 | @a北京@c中华书局@d2016.07 | |
| 215 | @a867页@d20cm | |
| 330 | @a中国·古代史·三国时代·纪传体 | |
| 606 | 0 | @a中国@x古代史@x封建社会 |
| 690 | @aK236.042@v4 | |
| 701 | 0 | @a陈寿@Achen shou |
| 801 | 0 | @aCN@b大连网信软件有限公司图书馆·11@c20161205 |
| 905 | @aZUCC@dK236.042@e61 | |
| 三国志/陈寿.-北京:中华书局,2016.07 |
| 867页;20cm |
| ISBN 7-101-05297-5:CNY45.00 |
| 中国·古代史·三国时代·纪传体 |
| ● |
| 相关链接 |
|
|
|
|
正题名:三国志
索取号:K236.042/61
 
预约/预借
| 序号 | 登录号 | 条形码 | 馆藏地/架位号 | 状态 | 备注 |
| 1 | 910861 | 209108614 | 第二样本阅览室/ [索取号:K236.042/61] | 在馆 | |
| 2 | 910862 | 209108623 | 第二借阅区/ [索取号:K236.042/61] | 在馆 | |
| 3 | 910863 | 209108632 | 第二借阅区/ [索取号:K236.042/61] | 在馆 | |
| 4 | 910864 | 209108641 | 第二借阅区/ [索取号:K236.042/61] | 在馆 | |
| 5 | 910865 | 209108650 | 第二借阅区/ [索取号:K236.042/61] | 在馆 |